Reasons for relocation (Record no. 70455)
[ view plain ]
| 000 -LEADER | |
|---|---|
| fixed length control field | 01051cam a2200205 4500 |
| 001 - CONTROL NUMBER | |
| control field | ABS65512 |
| 008 - FIXED-LENGTH DATA ELEMENTS--GENERAL INFORMATION | |
| fixed length control field | 020611n2002 000 0 eng u |
| 035 ## - SYSTEM CONTROL NUMBER | |
| System control number | (Sirsi) u118364 |
| 100 ## - MAIN ENTRY--PERSONAL NAME | |
| Personal name | Dean, R |
| 245 ## - TITLE STATEMENT | |
| Title | Reasons for relocation |
| 260 ## - PUBLICATION, DISTRIBUTION, ETC. | |
| Date of publication, distribution, etc. | 2002 |
| 490 ## - SERIES STATEMENT | |
| Series statement | Facilities Management |
| Volume/sequential designation | 9(8) May 2002, 14-15(2) |
| 520 ## - SUMMARY, ETC. | |
| Summary, etc. | Takes a look at why companies relocate and what facilities managers should think about when considering a change of office. Facilities managers need to consider a number of key market drivers in deciding whether to move or not; in some cases, it may be more appropriate for a company to reconfigure and refurbish its present buildings. Key market drivers include business, customer, society, people and process drivers; the article looks at how the building affects and is affected by these. Provides tips for preparing for a move. |
| 590 ## - LOCAL NOTE (RLIN) | |
| Local note | ABS |
| 650 ## - SUBJECT ADDED ENTRY--TOPICAL TERM | |
| Topical term or geographic name entry element | RELOCATION |
| 650 ## - SUBJECT ADDED ENTRY--TOPICAL TERM | |
| Topical term or geographic name entry element | PROPERTY-COMMERCIAL PROPERTY |
| 650 ## - SUBJECT ADDED ENTRY--TOPICAL TERM | |
| Topical term or geographic name entry element | FACILITIES MANAGERS |
| 690 ## - LOCAL SUBJECT ADDED ENTRY--TOPICAL TERM (OCLC, RLIN) | |
| Topical term or geographic name as entry element | MANAGEMENT-FACILITIES MANAGEMENT |
| 942 ## - ADDED ENTRY ELEMENTS (KOHA) | |
| Suppress in OPAC | 0 |
| Withdrawn status | Lost status | Source of classification or shelving scheme | Damaged status | Not for loan | Home library | Current library | Shelving location | Date acquired | Total Checkouts | Full call number | Barcode | Date last seen | Copy number | Price effective from | Koha item type |
|---|---|---|---|---|---|---|---|---|---|---|---|---|---|---|---|
| Dewey Decimal Classification | London | London | Journal article | 11/06/2002 | ABS65512 | 118364-1001 | 06/08/2019 | 1 | 06/08/2019 | Journal article |